000 00580nam a2200217Ia 4500
003 OSt
005 20220924121929.0
006 a|||||r|||| 00| 0
007 ta
008 220923b |||||||| |||| 00| 0 ben d
024 _a287154
037 _cTextual
040 _aARTS
_cARTS
_bben
041 _2ben
_aben
082 _az, 157M2.1
100 _aBusu Vishva
_9187673
245 0 _aGyan - vigyaner hajar jijansa
260 _aKolkata
_bBengla Publisher Pvt. Ltd. India
_c1982
942 _hz, 157M2.1
_cTEXL
_2CC
999 _c409528
_d409528